000 00667nam a22001937a 4500
003 LK-CoMWRAF
008 240624b2004 |||||||| |||| 00| 0 eng d
040 _aLK-CoMWRAF
_dLK-CoMWRAF
_eLK-CoMWRAF
041 _aeng
082 _a305.42
_bWOM
111 _aNINTH NATIONAL CONVENTION ON WOMEN'S STUDIES
_c ( Colombo,
_d20-23rd March 2004)
245 _aSESSION X:
_bWomen and health
260 _a Colombo:
_bCentre for Women's Research,
_c 2004
300 _aVarious pg.
_bBibliography included
650 _a WOMEN'S STUDIES- Sri Lanka- Congresses
650 _aChild malnutrition-Sri Lanka
650 _aMiddle East returnee migrants-Health problems
942 _cCP
999 _c4928
_d4928